| 000 | 00000nam##2200000za#4500 |
| 001 | 9.572504 |
| 003 | CaOODSP |
| 005 | 20210624183243 |
| 007 | cr ||||||||||| |
| 008 | 150406|2002||||xxc|||||o f|0| 0 eng|d |
| 020 | |a0-662-32209-6 |
| 040 | |aCaOODSP|beng |
| 043 | |an-cn--- |
| 086 | 1 |aMP32-28/02-2E-IN |
| 110 | 1 |aCanada.|bHuman Resources Development Canada. |bApplied Research Branch. |
| 245 | 10|aPolicy-induced migration in Canada : |h[electronic resource]|ban empirical study / |cby Kathleen M. Day and Stanley L. Winer. |
| 260 | |aHull - Quebec : |bHuman Resources Development Canada. |cNovember 2001. |
| 300 | |a57p.|bgraphs, references, tables |
| 490 | 1 |aWorking paper|vW-02-2E |
| 590 | |a12-16-Supp|b2012-04-17 |
| 690 | 07|aGovernment policy|2gcpds |
| 690 | 07|aInternal migration|2gcpds |
| 720 | 1 |aDay, Kathleen M. |
| 720 | 1 |aWiner, Stanley L. |
| 830 | #0|aWorking paper ;|vW-02-2E|w(CaOODSP)9.504477 |
| 856 | 40|ahttp://publications.gc.ca|qPDF|s412 KB|uhttps://publications.gc.ca/collections/collection_2012/rhdcc-hrsdc/MP32-28-02-2-eng.pdf|yW-02-2E |